LEADER 01283nam a2200277 i 4500 001 000000130099 003 CaOOAMICUS 005 20041015000000.0 008 041015s2004 it u000 u ita u 013 $a102832 020 $a88-307-1323-6 040 $aSeMil$bita 245 10$aTestimonianze sul Servo di Dio Mons. Angelo Ramazzotti Fondatore del PIME Vescovo di Pavia e Patriarca di Venezia. 260 $aBologna :$bEMI,$c2004. 300 $a411 p. ;$c22 cm. 490 0 $aStoria e vita missionaria ;$v21 500 $aContiene: Bibliografia. 650 4$aRamazzotti, Angelo .$0(OLS)http://semarc/subject/11469 773 0 $tPastore secondo il cuore di Dio.$dBologna : EMI, 2003-2004.$w()12279 830 0$aStoria e vita missionaria ;$v21.$0(OLS)http://semarc/title/601 850 $aSeMil 852 $aSeMil$W1$xVenegono$y1$m3E III 5$j84168$B84168$CSeMilBibl$Z2$F87690 $81 961 $aOmaggio per recensione: Scuola Cattolica 996 $6020$a88-307-1323-6$9(OLS)http://semarc/number/116941 996 $6245$aTestimonianze sul Servo di Dio Mons. Angelo Ramazzotti Fondatore del PIME Vescovo di Pavia e Patriarca di Venezia$9(OLS)http://semarc/title/191707 996 $6260$aBologna :$bEMI$9(OLS)http://semarc/publisher/29618 LEADER 01102nam a2200253 4500 001 000000343024 003 CaOOAMICUS 005 20201123154110.0 008 201120s2007 it 001 u ita r 020 $a978-88-311-0738-9 040 $aSeMil$bita 100 1 $aAceti, Ezio,$d<1956- >.$0(OLS)http://semarc/name/39534 245 12$aI linguaggi del corpo :$bper un rapporto armonioso con sé e con gli altri /$cEzio Aceti. 264 1$aRoma :$bCittà Nuova,$ccopyr. 2007. 300 $a96 p. ;$c20 cm 504 $aContiene : Bibliografia 650 4$aCorpo - Psicologia.$0(OLS)http://semarc/subject/28162 830 0$aPsicologia e benessere.$0(OLS)http://semarc/title/431974 850 $aSeMil 852 $aSeMil$W1$xVenegono$y1$m2O I 485$j222758$B234002$CSeMilBibl$Z2$F234002 $81 996 $6020$a978-88-311-0738-9$9(OLS)http://semarc/number/291670 996 $6245$aI linguaggi del corpo :$bper un rapporto armonioso con sé e con gli altri$9(OLS)http://semarc/title/431973 996 $6264$aRoma :$bCittà Nuova$9(OLS)http://semarc/publisher/29609